000 00319nam a2200133Ia 4500
008 191201s2010 xx 000 0 und d
100 _aSAXENA,DG
245 0 _aCommunication Skills in English
250 _a5th
260 _aN. delhi
_bTop quark production
_c2010
300 _a332
650 _aApplied
942 _2ddc
_cBK
999 _c512
_d512